| 000 | 00556nam a2200217Ia 4500 | ||
|---|---|---|---|
| 003 | 0100 | ||
| 005 | 20141022141403.0 | ||
| 008 | 130303s9999 xx 000 0 und d | ||
| 040 | _cARRUPELIB | ||
| 050 | _aB105.H7 1968 | ||
| 100 |
_aLubac, Henri de _912246 |
||
| 245 | _aAtheisme et sens de l'homme | ||
| 245 | _bune double requete de gaudium et spes | ||
| 260 | _aParis | ||
| 260 | _bâ•”ditions Du Cerf | ||
| 300 | _a150p. | ||
| 300 | _b18cm. | ||
| 650 |
_aPHILOSOPHY _912247 |
||
| 650 |
_bCape Town-History _912248 |
||
| 942 |
_2lcc _cMONOGRAPH |
||
| 999 |
_c35392 _d35392 |
||